[Event "41st Festival MTO"]
[Site "Biel SUI"]
[Date "2008.07.24"]
[Round "4"]
[White "Baramidze,D"]
[Black "Berczes,D"]
[Result "0-1"]
[WhiteElo "2593"]
[BlackElo "2458"]
[EventDate "2008.07.21"]

1. e4 e6 2. d4 d5 3. Nc3 Nf6 4. e5 Nfd7 5. f4 c5 6. Nf3 Nc6 7. Be3 Be7 8.
Qd2 O-O 9. Be2 b6 10. O-O f6 11. exf6 Nxf6 12. Bb5 Qc7 13. Kh1 Bd7 14. Rad1
a6 15. Bxc6 Bxc6 16. Qe2 b5 17. Bg1 Qc8 18. dxc5 b4 19. Rfe1 bxc3 20. Qxe6+
Rf7 21. Ng5 Qxe6 22. Rxe6 Bd7 23. Re3 Bxc5 24. Rxc3 Bxg1 25. Nxf7 Ba7 26.
Ng5 h6 27. Nf3 Ne4 28. Rxd5 Be6 29. Re5 Nf2+ 30. Kg1 Nd3+ 31. Kf1 Nxe5 32.
fxe5 Bd5 33. b3 Re8 34. Rc7 Bb8 35. Rc5 Bxf3 36. gxf3 Bxe5 37. Rc6 Rf8 38.
Rxa6 Rxf3+ 39. Ke2 Rh3 40. a4 g5 41. a5 Rxh2+ 42. Kd3 Bf4 43. b4 Rd2+ 44.
Kc3 Kg7 45. Ra7+ Kg6 46. a6 g4 47. Ra8 Rd7 48. a7 Kh5 49. Rf8 Bd2+ 0-1

[Event "41st Festival MTO"]
[Site "Biel SUI"]
[Date "2008.07.24"]
[Round "4"]
[White "Ulibin,M"]
[Black "Abdul,Majee"]
[Result "1-0"]
[WhiteElo "2520"]
[BlackElo "2281"]
[EventDate "2008.07.21"]

1. e4 e6 2. d4 d5 3. exd5 exd5 4. Nf3 Nf6 5. Bg5 h6 6. Bh4 Bf5 7. Qe2+ Qe7
8. Bxf6 gxf6 9. Nc3 Qxe2+ 10. Bxe2 Be6 11. Nh4 Nc6 12. Bb5 Kd7 13. O-O-O
Bd6 14. g3 a6 15. Be2 Ne7 16. f4 c6 17. Bd3 Kc7 18. Rd2 Rhg8 19. Re1 Rg4
20. Rf2 b6 21. Nd1 Rgg8 22. Ne3 h5 23. c3 b5 24. Rfe2 Rae8 25. Kc2 a5 26.
Nef5 Nxf5 27. Bxf5 Kd7 28. Re3 b4 29. R1e2 a4 30. cxb4 Bxb4 31. a3 Ba5 32.
Bd3 Kc7 33. f5 Bd7 34. Rxe8 Bxe8 35. Re7+ Kd6 36. Ra7 Bb6 37. Rxa4 Rg4 38.
Nf3 c5 39. dxc5+ Bxc5 40. Ra6+ Ke7 41. b4 Bd6 42. Ra7+ Kf8 43. Kb3 d4 44.
b5 Bxg3 45. hxg3 Rxg3 46. b6 Bc6 47. b7 Bxb7 48. Rxb7 Rxf3 49. Kc4 1-0

[Event "41st Festival MTO"]
[Site "Biel SUI"]
[Date "2008.07.24"]
[Round "4"]
[White "Bauer,Ch"]
[Black "Huhndorf,A"]
[Result "1-0"]
[WhiteElo "2583"]
[BlackElo "2285"]
[EventDate "2008.07.21"]

1. c4 c5 2. Nf3 g6 3. g3 Nc6 4. Bg2 Bg7 5. Nc3 d6 6. O-O e5 7. d3 Nge7 8.
Ne1 O-O 9. Nc2 Rb8 10. Rb1 Be6 11. Bg5 f6 12. Bd2 d5 13. cxd5 Nxd5 14. Ne3
Nde7 15. a3 a5 16. Ne4 b6 17. b4 axb4 18. axb4 Nxb4 19. Bxb4 cxb4 20. Rxb4
Nd5 21. Nxd5 Bxd5 22. Nc3 Bf7 23. Qb1 Qc7 24. Nd5 Bxd5 25. Bxd5+ Kh8 26.
Rc1 Qd7 27. Bf3 Rfc8 28. Rxc8+ Qxc8 29. Rxb6 Rxb6 30. Qxb6 h5 31. Qd6 Qf8
32. Qd7 f5 33. Bd5 Qf6 34. h4 Kh7 35. Kg2 Kh6 36. Bf3 Kh7 37. e3 Kh6 38.
Qc7 Kh7 39. Bd5 Kh6 40. Bg8 Qf8 41. Qc4 Qf6 42. Qc7 Qf8 43. Bf7 Qa8+ 44. e4
Qa6 45. exf5 gxf5 46. Qd7 Qf6 47. Qe8 f4 48. Bxh5 fxg3 49. fxg3 Bf8 50. Bf3
Bc5 51. Qg8 e4 52. Bxe4 Qf2+ 53. Kh3 Qf1+ 54. Bg2 1-0

[Event "41st Festival MTO"]
[Site "Biel SUI"]
[Date "2008.07.24"]
[Round "4"]
[White "Maze,S"]
[Black "Raetsky,A"]
[Result "1/2-1/2"]
[WhiteElo "2553"]
[BlackElo "2421"]
[EventDate "2008.07.21"]

1. e4 e5 2. Nf3 Nf6 3. d4 Nxe4 4. dxe5 Bc5 5. Qd5 Bxf2+ 6. Kd1 f5 7. Bc4
Qe7 8. Nc3 c6 9. Qd3 b5 10. Bb3 Na6 11. Nxe4 fxe4 12. Qxe4 d5 13. Qe2 Bb6
14. c3 Nc5 15. Bc2 O-O 16. Bg5 Qe8 17. Be3 Qh5 18. Kd2 Bg4 19. Raf1 Rae8
20. Bd4 Nd7 21. h3 Bxf3 22. Rxf3 Rxf3 23. Qxf3 Qxf3 24. gxf3 c5 25. Bf5 Nf8
26. Be3 Rxe5 27. Bg4 Re7 28. b4 cxb4 29. Bxb6 bxc3+ 30. Kxc3 axb6 31. Kb4
Ra7 32. Rh2 Ra5 33. f4 g6 34. Rc2 Kf7 35. Rc7+ Kf6 36. Rc6+ Kg7 37. Rxb6 h5
38. Bc8 Ra7 39. f5 gxf5 40. Bxf5 1/2-1/2

[Event "41st Festival MTO"]
[Site "Biel SUI"]
[Date "2008.07.25"]
[Round "5"]
[White "Andrist,P"]
[Black "Hug,W"]
[Result "0-1"]
[WhiteElo "2130"]
[BlackElo "2437"]
[EventDate "2008.07.21"]

1. d4 g6 2. e4 Bg7 3. Nf3 d6 4. c4 Bg4 5. Be2 Nc6 6. Be3 e5 7. d5 Bxf3 8.
Bxf3 Nd4 9. Nc3 Ne7 10. h4 h5 11. Nb5 c5 12. Nxd4 exd4 13. Bg5 f6 14. Bf4
Bh6 15. Bxh6 Rxh6 16. Qd2 Rh7 17. Qf4 Kf7 18. g4 hxg4 19. Bxg4 Qa5+ 20. Kf1
Qb6 21. Be6+ Kg7 22. Kg2 Rf8 23. Rab1 a5 24. Rh3 Qd8 25. Rb3 b6 26. Rg3 Kh8
27. Rg1 g5 28. hxg5 Ng6 29. Qc1 fxg5 30. Bf5 Nf4+ 31. Kf1 Rh5 32. Rxg5 Qxg5
33. Rxg5 Rh1+ 34. Rg1 Rxg1+ 0-1

[Event "41st Festival MTO"]
[Site "Biel SUI"]
[Date "2008.07.25"]
[Round "5"]
[White "Rasch,H"]
[Black "Skoberne,J"]
[Result "1-0"]
[WhiteElo "2288"]
[BlackElo "2499"]
[EventDate "2008.07.21"]

1. e4 d6 2. d4 Nf6 3. Nc3 g6 4. Be3 c6 5. Nf3 Nbd7 6. h3 e5 7. dxe5 dxe5 8.
Bd3 Bg7 9. O-O O-O 10. Qd2 Qe7 11. Bh6 Nc5 12. Bxg7 Kxg7 13. Rfd1 a5 14.
Qe3 Ne8 15. Bf1 f6 16. Rd2 Be6 17. Nd5 cxd5 18. exd5 Bc8 19. d6 Nxd6 20.
Qxc5 Nf5 21. Qb5 Qc7 22. Rad1 Kh8 23. Qa4 Be6 24. Bb5 Rad8 25. Bd7 Bxd7 26.
Rxd7 Qc8 27. c3 Nd4 28. Nxe5 Ne2+ 29. Kf1 fxe5 30. Kxe2 Qc5 31. Rxh7+ Kg8
32. Rh8+ Kxh8 33. Qh4+ Kg8 34. Rxd8 Qb5+ 35. Ke1 Qxb2 36. Qc4+ Kg7 37. Rd7+
Kf6 38. Qh4+ Ke6 39. Qe7+ 1-0

[Event "41st Festival MTO"]
[Site "Biel SUI"]
[Date "2008.07.25"]
[Round "5"]
[White "Onoprienko,V"]
[Black "Baramidze,D"]
[Result "1-0"]
[WhiteElo "2309"]
[BlackElo "2593"]
[EventDate "2008.07.21"]

1. e4 c5 2. Nc3 d6 3. Nf3 Nf6 4. d4 cxd4 5. Nxd4 a6 6. Be3 e5 7. Nf3 Be7 8.
Bc4 Be6 9. Nd5 Nbd7 10. Qd3 Bxd5 11. Bxd5 Nxd5 12. Qxd5 Qc7 13. c4 Rc8 14.
b3 b5 15. Nd2 bxc4 16. Qxc4 Qb7 17. Qd3 f5 18. exf5 Qxg2 19. Ke2 Qg4+ 20.
f3 Qg2+ 21. Bf2 Bh4 22. Ne4 d5 23. Rhg1 dxe4 24. Qxd7+ Kxd7 25. Rxg2 Rc2+
26. Ke3 Bf6 27. fxe4 Rhc8 28. Rd1+ Ke8 29. Rd2 Be7 30. Rxc2 Rxc2 31. Kf3
Rxa2 32. Rxg7 Ra3 33. Rxe7+ 1-0

[Event "41st Festival MTO"]
[Site "Biel SUI"]
[Date "2008.07.25"]
[Round "5"]
[White "Nezad,H"]
[Black "Jenni,F"]
[Result "1/2-1/2"]
[WhiteElo "2372"]
[BlackElo "2544"]
[EventDate "2008.07.21"]

1. e4 c5 2. Nf3 d6 3. Bb5+ Nd7 4. d4 Ngf6 5. Nc3 cxd4 6. Qxd4 e5 7. Qd3 h6
8. Be3 a6 9. Bc4 Qc7 10. a4 Nc5 11. Bxc5 Qxc5 12. O-O Be7 13. Nd5 Nxd5 14.
Bxd5 Rb8 15. Ra3 O-O 16. Rc3 Qa5 17. Qc4 Bd8 18. Ra1 Bd7 19. b4 Qb6 20. a5
Qa7 21. Qd3 Rc8 22. Rxc8 Bxc8 23. Bb3 Be7 24. Nd2 d5 25. Bxd5 Bxb4 26. Nc4
Qd4 27. Rb1 Qc5 28. Nxe5 Bxa5 29. Qc4 Qxc4 30. Nxc4 Bc3 31. Nd6 Be6 32.
Rxb7 a5 33. Ra7 Bb4 34. Nc4 Rc8 35. Ne3 Bc5 36. Rxa5 Bxe3 37. fxe3 Rxc2 38.
Ra8+ Kh7 39. Ra6 Re2 40. Bxe6 fxe6 41. Rxe6 Kg8 42. Kf1 Rxe3 43. Kf2 Ra3
44. h4 Kf7 45. Rb6 h5 46. Rb5 g6 47. Rd5 Rb3 48. Rd2 Ra3 49. Re2 Ke6 50.
Re3 Ra1 51. Kg3 Ke5 52. Rb3 Kxe4 1/2-1/2

[Event "41st Festival MTO"]
[Site "Biel SUI"]
[Date "2008.07.25"]
[Round "5"]
[White "Kritz,L"]
[Black "Burnier,D"]
[Result "1-0"]
[WhiteElo "2610"]
[BlackElo "2343"]
[EventDate "2008.07.21"]

1. e4 e5 2. Nf3 Nc6 3. Bb5 a6 4. Ba4 Nf6 5. O-O Be7 6. Re1 b5 7. Bb3 d6 8.
c3 O-O 9. d4 Bg4 10. Be3 exd4 11. cxd4 d5 12. e5 Ne4 13. h3 Bh5 14. Nc3
Nxc3 15. bxc3 Qd7 16. Bc2 Bg6 17. Kh2 Rae8 18. a4 Nd8 19. axb5 axb5 20. Qb1
Ne6 21. Bf5 Bxf5 22. Qxf5 Qc6 23. Bd2 Ra8 24. Qd3 Qb7 25. Rab1 c6 26. Ng1
Qd7 27. f4 f5 28. exf6 Rxf6 29. g3 Ra2 30. Re2 Bd6 31. Rf1 Ng5 32. Qb1 Rxd2
33. Rxd2 Ne4 34. Rd3 Rh6 35. Qa2 g5 36. Qa8+ Kg7 37. Ra1 Bc7 38. Ra7 Rf6
39. Kg2 gxf4 40. Rf3 Ng5 41. Rxf4 Rxf4 42. gxf4 Ne6 43. f5 Nd8 44. Qb8 1-0

[Event "41st Festival MTO"]
[Site "Biel SUI"]
[Date "2008.07.25"]
[Round "5"]
[White "Loetscher,R"]
[Black "AlHuwar,J"]
[Result "1-0"]
[WhiteElo "2375"]
[BlackElo "2260"]
[EventDate "2008.07.21"]

1. d4 Nf6 2. c4 g6 3. Nc3 Bg7 4. e4 d6 5. Nf3 O-O 6. Be2 c5 7. O-O Nc6 8.
d5 Na5 9. h3 e5 10. a3 b6 11. b4 Nb7 12. Bg5 h6 13. Be3 Ne8 14. Qd2 Kh7 15.
Nh2 f5 16. f4 exf4 17. Rxf4 g5 18. Rxf5 Bxf5 19. exf5 Nf6 20. Rb1 Qe7 21.
Bd3 Rae8 22. Bf2 Nd8 23. Re1 Qd7 24. Re6 Kg8 25. Bc2 Nxe6 26. fxe6 Qe7 27.
Qd3 Bh8 28. Bg3 Nh5 29. Qg6+ Qg7 30. Qxh5 Qxc3 31. Qg6+ Qg7 32. Bxd6 Ra8
33. e7 Qxg6 34. exf8=Q+ Rxf8 35. Bxg6 Rf6 36. bxc5 Rxg6 37. c6 Bd4+ 38. Kh1
Kf7 39. Nf3 Bb2 40. Ne5+ Bxe5 41. Bxe5 Ke7 42. g4 Rg8 43. d6+ Ke6 44. d7
Ke7 45. Bf6+ 1-0

[Event "41st Festival MTO"]
[Site "Biel SUI"]
[Date "2008.07.25"]
[Round "5"]
[White "Domont,A"]
[Black "Ulibin,M"]
[Result "0-1"]
[WhiteElo "2326"]
[BlackElo "2520"]
[EventDate "2008.07.21"]

1. g3 d5 2. Bg2 e5 3. c3 Nf6 4. d4 e4 5. Bg5 Nbd7 6. f3 h6 7. Bf4 c5 8. Na3
Qa5 9. Nc2 Qb6 10. b4 cxb4 11. c4 dxc4 12. fxe4 b3 13. Ne3 g5 14. Nh3 gxf4
15. Nxf4 Bb4+ 16. Kf1 Bc3 17. Nxc4 Qa6 18. Qxb3 Bxa1 19. Qb4 Kd8 20. Nd6
Rf8 21. e5 Qb6 22. Qxb6+ axb6 0-1

[Event "41st Festival MTO"]
[Site "Biel SUI"]
[Date "2008.07.25"]
[Round "5"]
[White "Tairova,E"]
[Black "Avrukh,B"]
[Result "0-1"]
[WhiteElo "2417"]
[BlackElo "2656"]
[EventDate "2008.07.21"]

1. e4 e5 2. f4 exf4 3. Nf3 g5 4. Bc4 Bg7 5. d4 d6 6. g3 g4 7. Nh4 f3 8. Nc3
Ne7 9. Be3 c6 10. Qd2 h5 11. O-O-O b5 12. Bd3 b4 13. Nb1 Ba6 14. Qxb4 Bxd3
15. Rxd3 Na6 16. Qa4 Qc8 17. Bf4 d5 18. Nc3 O-O 19. h3 Re8 20. hxg4 hxg4
21. Rd2 Nc7 22. exd5 Ncxd5 23. Ne4 Nxf4 24. gxf4 Nf5 25. d5 Nxh4 26. Rxh4
Qf5 27. Nf2 Qf6 0-1

[Event "41st Festival MTO"]
[Site "Biel SUI"]
[Date "2008.07.25"]
[Round "5"]
[White "Raetsky,A"]
[Black "Gleizerov,E"]
[Result "0-1"]
[WhiteElo "2421"]
[BlackElo "2549"]
[EventDate "2008.07.21"]

1. d4 e6 2. c4 f5 3. Nc3 Nf6 4. Nf3 Bb4 5. Qb3 Qe7 6. a3 Bxc3+ 7. Qxc3 b6
8. g3 Bb7 9. Bg2 d6 10. O-O O-O 11. b4 Nbd7 12. Bb2 a6 13. Rfd1 Ne4 14. Qc2
Ndf6 15. h3 b5 16. Rac1 bxc4 17. Qxc4 Nd5 18. Qd3 Rf7 19. Rc2 Qd7 20. Rdc1
a5 21. b5 a4 22. Ba1 Ra5 23. Rb1 Nb6 24. Nh2 Bd5 25. Nf1 Bb3 26. Rc6 d5 27.
Bc3 Rxb5 28. Rxb6 Rxb6 29. Bb4 Bc4 30. Qe3 e5 31. dxe5 d4 32. Qc1 Bxe2 33.
Nd2 Bd3 34. Ra1 Qb5 35. Nf3 Rd7 36. Qf4 Nc3 37. Kh2 Nd5 38. Qxd4 Nxb4 39.
Qxb4 Qxb4 40. axb4 Rxb4 41. e6 Re7 42. Ne5 Be4 43. Rd1 Kf8 44. f3 Rxe6 0-1

[Event "41st Festival MTO"]
[Site "Biel SUI"]
[Date "2008.07.25"]
[Round "5"]
[White "Grachev,B"]
[Black "Al Sayed,Mohamad"]
[Result "1-0"]
[WhiteElo "2640"]
[BlackElo "2470"]
[EventDate "2008.07.21"]

1. d4 d5 2. c4 c6 3. e3 Nf6 4. Nc3 e6 5. Bd2 Nbd7 6. Rc1 Bd6 7. cxd5 exd5
8. Bd3 O-O 9. Nge2 Re8 10. f3 b5 11. O-O a6 12. Qe1 c5 13. Qh4 c4 14. Bb1
Nf8 15. Nf4 Bb7 16. Nh5 Nxh5 17. Qxh5 b4 18. Nd1 Re6 19. f4 a5 20. Nf2 Qe8
21. Qf3 Re7 22. Rfe1 a4 23. e4 a3 24. e5 axb2 25. Rcd1 Bc7 26. Bxb4 Ba5 27.
Bxa5 Rxa5 28. Qc3 Rb5 29. Rd2 f6 30. Rxb2 Rxb2 31. Qxb2 fxe5 32. fxe5 Bc6
33. Bf5 Qa8 34. h4 Qa7 35. Re3 Bd7 36. Ra3 Qc7 37. Bc2 Rf7 38. Ra8 Bc6 39.
Ra6 Ne6 40. Nh3 h6 41. a4 Rf8 42. a5 Bd7 43. Rb6 Nc5 44. Qa3 Nd3 45. Qd6
Qxd6 46. Rxd6 Bxh3 47. gxh3 Nb4 48. Bg6 c3 49. e6 c2 50. Bxc2 Nxc2 51. e7
Re8 52. Rd8 Kf7 53. Rxe8 1-0

[Event "41st Festival MTO"]
[Site "Biel SUI"]
[Date "2008.07.25"]
[Round "5"]
[White "Kovacevic,A"]
[Black "Klauser,M"]
[Result "1-0"]
[WhiteElo "2585"]
[BlackElo "2394"]
[EventDate "2008.07.21"]

1. e4 e5 2. Nf3 Nc6 3. Bb5 a6 4. Bxc6 dxc6 5. O-O Qf6 6. d4 exd4 7. Bg5 Qd6
8. Nxd4 Be7 9. Be3 Nf6 10. f3 O-O 11. Nc3 Rd8 12. Qe1 c5 13. Nde2 Be6 14.
Nf4 Bc4 15. Rf2 b5 16. b3 Be6 17. a4 b4 18. Nce2 Nd7 19. Rd1 Qc6 20. c4
bxc3 21. Qxc3 Bf6 22. Qc2 Nf8 23. Rff1 Qb7 24. Rb1 Bd4 25. Bxd4 cxd4 26.
Qc5 d3 27. Nd4 Qb6 28. Qxb6 cxb6 29. Nc6 Rd6 30. Ne7+ Kh8 31. Rfd1 Rad8 32.
Nfd5 R6d7 33. Nc6 Rc8 34. Ne5 Rd6 35. Nc4 Rdd8 36. Ncxb6 Rc6 37. Nc4 Nd7
38. Nb4 Rcc8 39. Nd6 Rc3 40. Rxd3 Rxd3 41. Nxd3 Nb6 42. e5 Nc8 43. Nc5 Nxd6
44. Nxe6 fxe6 45. exd6 Rxd6 46. b4 Kg8 47. b5 axb5 48. axb5 Rb6 49. Kf2 Kf7
50. Ke3 Ke7 51. Kd4 Kd6 52. Kc4 Rb8 53. Rd1+ Kc7 54. Kc5 Rc8 55. Rd6 Kb7+
56. Rc6 Re8 57. b6 Re7 58. Kd6 Re8 59. Rc7+ Kxb6 60. Rxg7 h5 61. Rh7 Rd8+
62. Kxe6 Rd2 63. g4 Rxh2 64. Rxh5 1-0

[Event "41st Festival MTO"]
[Site "Biel SUI"]
[Date "2008.07.26"]
[Round "6"]
[White "Ivanisevic,I"]
[Black "Hausrath,D"]
[Result "0-1"]
[WhiteElo "2664"]
[BlackElo "2491"]
[EventDate "2008.07.21"]

1. d4 Nf6 2. c4 g6 3. Nc3 Bg7 4. e4 d6 5. h3 O-O 6. Bg5 Na6 7. Nf3 e5 8. d5
Qe8 9. Be2 Nh5 10. g3 f5 11. exf5 gxf5 12. Nh4 Nf6 13. Qc2 Nc5 14. O-O-O
Nce4 15. Nxe4 Nxe4 16. Be3 c6 17. g4 cxd5 18. gxf5 Qe7 19. Rxd5 Qxh4 20.
Bg4 Nf6 21. Rdd1 Nxg4 22. hxg4 Qxg4 23. Rdg1 Qxf5 24. Qd2 Qe4 25. Bh6 Rf7
26. Bxg7 Rxg7 27. Qxd6 Bg4 28. f3 Qxc4+ 29. Kb1 Qe6 0-1

[Event "41st Festival MTO"]
[Site "Biel SUI"]
[Date "2008.07.26"]
[Round "6"]
[White "Shachar,E"]
[Black "Misiano,F"]
[Result "1-0"]
[WhiteElo "2366"]
[BlackElo "2269"]
[EventDate "2008.07.21"]

1. e4 e6 2. d4 d5 3. Nd2 Nf6 4. e5 Nfd7 5. Bd3 c5 6. c3 Nc6 7. Ne2 cxd4 8.
cxd4 f6 9. Nf4 Nxd4 10. Qh5+ Ke7 11. exf6+ Nxf6 12. Ng6+ hxg6 13. Qxh8 Kf7
14. Qh4 e5 15. Nf3 Bb4+ 16. Kf1 e4 17. Nxd4 exd3 18. Be3 Bc5 19. Re1 Qb6
20. Nb3 Bxe3 21. Rxe3 Bf5 22. h3 Rc8 23. Kg1 Rc2 24. Qf4 Ne4 25. Rf3 Kg8
26. g4 Be6 27. Kg2 Rxb2 28. Rd1 Rxa2 29. Rdxd3 Kh7 30. Nd4 Ra1 31. Nc2 Rb1
32. Qe5 Rc1 33. Na3 Bg8 34. g5 Qd6 35. Rf4 Bf7 36. Rxe4 Qc6 37. Red4 b5 38.
Rf3 Be6 39. Rf8 1-0

[Event "41st Festival MTO"]
[Site "Biel SUI"]
[Date "2008.07.26"]
[Round "6"]
[White "Maze,S"]
[Black "Benkovic,P"]
[Result "1-0"]
[WhiteElo "2553"]
[BlackElo "2479"]
[EventDate "2008.07.21"]

1. e4 d5 2. exd5 Qxd5 3. Nc3 Qd6 4. d4 c6 5. Nf3 Bg4 6. h3 Bxf3 7. Qxf3
Qxd4 8. Be3 Qd8 9. Rd1 Qc7 10. Bc4 Nf6 11. g4 h6 12. O-O Nbd7 13. Bf4 e5
14. Bg3 Be7 15. h4 Rf8 16. Rfe1 O-O-O 17. a3 Ne8 18. Ne4 h5 19. g5 f5 20.
gxf6 gxf6 21. Qxh5 f5 22. Qh7 Bd6 23. Ng5 f4 24. Bh2 Nef6 25. Qd3 Bc5 26.
b4 e4 27. Qh3 Bxf2+ 28. Kxf2 e3+ 29. Kf1 Qe5 30. Be2 Ne4 31. Nxe4 Qxe4 32.
Bg4 Qxc2 33. Qg2 Qc4+ 34. Qe2 Qe4 35. Qf3 Qh7 36. Rxd7 Rxd7 37. Rd1 Rfd8
38. Qxf4 e2+ 39. Kxe2 Qc2+ 40. Rd2 Qxd2+ 41. Qxd2 1-0

[Event "41st Festival MTO"]
[Site "Biel SUI"]
[Date "2008.07.26"]
[Round "6"]
[White "Ramesh,R"]
[Black "Kovacevic,A"]
[Result "1/2-1/2"]
[WhiteElo "2478"]
[BlackElo "2585"]
[EventDate "2008.07.21"]

1. e4 c5 2. Nf3 d6 3. d4 cxd4 4. Nxd4 Nf6 5. Nc3 a6 6. Be3 e5 7. Nf3 Be7 8.
Bc4 O-O 9. O-O Qc7 10. Bb3 Be6 11. Qe2 Rc8 12. Nh4 Nxe4 13. Bxe6 Nxc3 14.
Bxf7+ Kxf7 15. bxc3 Bxh4 16. Qh5+ Kg8 17. Qxh4 Qxc3 18. Qe7 Nc6 19. Qxd6
Qxc2 20. Rab1 b5 21. Qd5+ Kh8 22. Rbc1 Qg6 23. Qd7 Qf6 24. Rc5 Ne7 25. Rfc1
Rd8 26. Qb7 h6 27. Qe4 Rac8 28. g4 Rxc5 29. Rxc5 Ng6 30. Rc6 Nh4 31. Kf1
Rd6 32. Rc8+ Rd8 33. Rc6 Qe7 34. Rxa6 Qd7 35. f3 Rf8 36. Ra8 Rxa8 37. Qxa8+
Kh7 38. Qe4+ Kg8 39. Ke2 Qe6 40. Qa8+ Kh7 41. Qe4+ Kg8 42. Qa8+ Kh7 43.
Qe4+ 1/2-1/2

[Event "41st Festival MTO"]
[Site "Biel SUI"]
[Date "2008.07.26"]
[Round "6"]
[White "Thomassen,J"]
[Black "Kritz,L"]
[Result "0-1"]
[WhiteElo "2357"]
[BlackElo "2610"]
[EventDate "2008.07.21"]

1. e4 e5 2. Nf3 Nc6 3. Bc4 Bc5 4. c3 Nf6 5. d3 a6 6. Bb3 Ba7 7. O-O d6 8.
Nbd2 O-O 9. h3 Nh5 10. Re1 Qf6 11. Nf1 Nf4 12. d4 Ne7 13. Ng3 Neg6 14. Be3
Be6 15. Bc2 Rfe8 16. Nh5 Qe7 17. Bxf4 Nxf4 18. Nxf4 exf4 19. Qd2 Qf6 20. e5
dxe5 21. Rxe5 c6 22. Ng5 Bb8 23. Nxh7 Qh6 24. Re2 Bd6 25. Rae1 Bd7 26. Qd3
Rxe2 27. Rxe2 f5 28. d5 f3 29. Rd2 c5 0-1

[Event "41st Festival MTO"]
[Site "Biel SUI"]
[Date "2008.07.26"]
[Round "6"]
[White "Bauer,Ch"]
[Black "Bindrich,F"]
[Result "1/2-1/2"]
[WhiteElo "2583"]
[BlackElo "2516"]
[EventDate "2008.07.21"]

1. d4 d5 2. Bf4 Nf6 3. e3 c5 4. Nc3 cxd4 5. exd4 a6 6. Nf3 Bg4 7. h3 Bxf3
8. Qxf3 Nc6 9. O-O-O e6 10. g4 Qb6 11. g5 Nd7 12. Qe3 O-O-O 13. h4 g6 14.
Ne2 Qa5 15. Kb1 Nb6 16. b3 Ba3 17. h5 Rhe8 18. hxg6 hxg6 19. Rh7 e5 20.
dxe5 d4 21. Qf3 Nd5 22. Rxf7 Nxe5 23. Qe4 Bd6 24. Bd2 Bb4 25. Bf4 Bd6 26.
Bd2 Bb4 27. Bf4 Bd6 28. Bd2 1/2-1/2

[Event "41st Festival MTO"]
[Site "Biel SUI"]
[Date "2008.07.26"]
[Round "6"]
[White "Raetsky,A"]
[Black "Rasch,H"]
[Result "1-0"]
[WhiteElo "2421"]
[BlackElo "2288"]
[EventDate "2008.07.21"]

1. c4 e5 2. Nc3 Nc6 3. e3 g6 4. d4 d6 5. Nf3 Bg7 6. Be2 f5 7. O-O Nh6 8.
dxe5 Nxe5 9. Qb3 c6 10. e4 Qe7 11. Bxh6 Bxh6 12. exf5 Bxf5 13. Rad1 O-O 14.
Nxe5 dxe5 15. Bf3 Be6 16. Ne4 Rad8 17. Qc3 Bg7 18. Rfe1 Rd4 19. b3 Rfd8 20.
Qc1 h6 21. h3 a5 22. c5 Rxd1 23. Rxd1 Bd5 24. Qc3 Ra8 25. a3 Qc7 26. Qe3
Rf8 27. h4 Rf5 28. g3 Rf8 29. Bg2 Rd8 30. Rd2 Qe7 31. Nd6 Bxg2 32. Kxg2 b6
33. Ne4 b5 34. Rd6 Rxd6 35. cxd6 Qd7 36. Qd3 Kf7 37. Nc5 Qd8 38. Qf3+ Kg8
39. Qxc6 Bf8 40. Qd5+ Kh7 41. Qf7+ Bg7 42. d7 1-0

[Event "41st Festival MTO"]
[Site "Biel SUI"]
[Date "2008.07.26"]
[Round "6"]
[White "Ulibin,M"]
[Black "Berczes,D"]
[Result "0-1"]
[WhiteElo "2520"]
[BlackElo "2458"]
[EventDate "2008.07.21"]

1. c4 Nf6 2. d4 c6 3. Nc3 d5 4. cxd5 cxd5 5. Bf4 Nc6 6. e3 a6 7. Bd3 Bg4 8.
Nge2 e6 9. O-O Bd6 10. Bg5 Bh5 11. f3 Bg6 12. Kh1 O-O 13. Bxg6 hxg6 14. e4
dxe4 15. fxe4 Be7 16. e5 Nd5 17. Bxe7 Ncxe7 18. Rf3 Nf5 19. Qb3 Nxc3 20.
bxc3 b5 21. Nf4 Qd7 22. Nd3 Qc6 23. Re1 a5 24. a3 Rab8 25. Rf4 Qc4 26. Qxc4
bxc4 27. Nc5 Rb2 28. Kg1 Rc2 29. Ne4 Rb8 30. g4 Nh4 31. Rf2 Rbb2 32. Rxc2
Rxc2 33. Rf1 Rg2+ 34. Kh1 Ra2 35. Nd6 Rxa3 36. Nxc4 Rxc3 37. Nxa5 Rd3 38.
Nc6 Nf3 39. Ra1 Rd2 0-1

[Event "41st Festival MTO"]
[Site "Biel SUI"]
[Date "2008.07.26"]
[Round "6"]
[White "Abdul,Majee"]
[Black "Tairova,E"]
[Result "0-1"]
[WhiteElo "2281"]
[BlackElo "2417"]
[EventDate "2008.07.21"]

1. e4 c5 2. Nf3 d6 3. d4 cxd4 4. Qxd4 Nc6 5. Bb5 Bd7 6. Bxc6 Bxc6 7. Nc3 h6
8. Qd3 Nf6 9. Nd4 e5 10. Nf5 d5 11. Qg3 Qc7 12. Nxg7+ Bxg7 13. Qxg7 Ke7 14.
Qg3 Rag8 15. Qf3 d4 16. Nd5+ Nxd5 17. exd5 Qa5+ 18. Bd2 Qxd5 19. Qa3+ Kd7
20. O-O-O Rxg2 21. f4 f6 22. fxe5 fxe5 23. Rhf1 Rhg8 24. Qh3+ Kc7 25. Kb1
Bb5 26. Rfe1 Be2 27. Rc1 h5 28. Qa3 Kb8 29. h4 a6 30. Bg5 Re8 31. Be7 Ka8
32. Rg1 Rxg1 33. Rxg1 Bg4 34. Qc5 Qe6 35. Bd6 d3 36. Qb6 e4 0-1

[Event "41st Festival MTO"]
[Site "Biel SUI"]
[Date "2008.07.26"]
[Round "6"]
[White "Cherniaev,A1"]
[Black "Onoprienko,V"]
[Result "1-0"]
[WhiteElo "2431"]
[BlackElo "2309"]
[EventDate "2008.07.21"]

1. e4 c5 2. Nc3 g6 3. f4 Bg7 4. Nf3 a6 5. g3 Nc6 6. Bg2 d6 7. d3 Nf6 8. O-O
O-O 9. h3 Rb8 10. Be3 b5 11. a3 a5 12. Qd2 b4 13. axb4 axb4 14. Ne2 c4 15.
Nfd4 Nxd4 16. Bxd4 cxd3 17. cxd3 e5 18. Be3 Re8 19. Rf2 exf4 20. Bxf4 Qb6
21. Be3 Qb5 22. Nd4 Qh5 23. g4 Bxg4 24. hxg4 Nxg4 25. Bf3 Qc5 26. Bxg4 Bxd4
27. Bxd4 Qxd4 28. Qf4 Rb7 29. Kg2 Rc7 30. Rc1 Ree7 31. Rxc7 Rxc7 32. Be6
Kg7 33. Bxf7 1-0

[Event "41st Festival MTO"]
[Site "Biel SUI"]
[Date "2008.07.26"]
[Round "6"]
[White "Duschek,V"]
[Black "Mas,H"]
[Result "0-1"]
[WhiteElo "2273"]
[BlackElo "2386"]
[EventDate "2008.07.21"]

1. e4 c5 2. Nf3 d6 3. d4 cxd4 4. Nxd4 Nf6 5. Nc3 a6 6. Bc4 e6 7. Bb3 Nbd7
8. Bg5 Nc5 9. f4 Be7 10. Qf3 Qc7 11. O-O-O b5 12. Bxf6 gxf6 13. f5 Nxb3+
14. axb3 b4 15. Na4 e5 16. Ne2 Bb7 17. Kb1 Bc6 18. Qe3 Rb8 19. Ng3 h5 20.
Rhe1 h4 21. Nf1 Rg8 22. g3 Bf8 23. Qf3 Qb7 24. gxh4 Rd8 25. Ng3 Bh6 26. Nh5
Ke7 27. Qe2 Rd7 28. Qf3 Rc8 29. Qe2 Bb5 30. Qf2 Bxa4 31. bxa4 b3 32. cxb3
Qxb3 33. Qg3 Qc2+ 34. Ka2 Rc4 0-1

[Event "41st Festival MTO"]
[Site "Biel SUI"]
[Date "2008.07.23"]
[Round "3"]
[White "Andrist,P"]
[Black "Kamber,B"]
[Result "1-0"]
[WhiteElo "2130"]
[BlackElo "2327"]
[EventDate "2008.07.21"]

1. e4 c5 2. Nf3 e6 3. d4 cxd4 4. Nxd4 Nc6 5. Nxc6 bxc6 6. Bd3 Nf6 7. O-O e5
8. Nd2 Be7 9. Nc4 d6 10. f4 exf4 11. Bxf4 d5 12. exd5 cxd5 13. Ne5 Qb6+ 14.
Kh1 Be6 15. Qe2 O-O 16. Rae1 Bd6 17. c3 Rab8 18. Bc1 Qc7 19. Rxf6 gxf6 20.
Qh5 Rfe8 21. Qxh7+ Kf8 22. Ng6+ 1-0

[Event "41st Festival MTO"]
[Site "Biel SUI"]
[Date "2008.07.24"]
[Round "4"]
[White "Feuerstack,A"]
[Black "Andrist,P"]
[Result "0-1"]
[WhiteElo "2355"]
[BlackElo "2130"]
[EventDate "2008.07.21"]

1. e4 c6 2. d4 d5 3. exd5 cxd5 4. c4 Nf6 5. Nc3 Nc6 6. Bg5 Be6 7. Nge2 Qa5
8. Nf4 O-O-O 9. cxd5 Bxd5 10. Bxf6 exf6 11. Qg4+ Kb8 12. Nfxd5 Rxd5 13.
O-O-O Rd8 14. Qg3+ Bd6 15. Qh4 Rc8 16. a3 Bxa3 17. Qg3+ Ka8 18. Kb1 Qb4 19.
Rd2 Nxd4 0-1

[Event "41st Festival MTO"]
[Site "Biel SUI"]
[Date "2008.07.28"]
[Round "7"]
[White "Kovacevic,A"]
[Black "Cherniaev,A1"]
[Result "0-1"]
[WhiteElo "2585"]
[BlackElo "2431"]
[EventDate "2008.07.21"]

1. e4 c5 2. Nf3 Nc6 3. d4 cxd4 4. Nxd4 Nf6 5. Nc3 e5 6. Ndb5 d6 7. Bg5 a6
8. Na3 b5 9. Bxf6 gxf6 10. Nd5 f5 11. c3 Bg7 12. exf5 Bxf5 13. Nc2 Be6 14.
g3 O-O 15. Bg2 f5 16. O-O a5 17. Qh5 b4 18. Nce3 bxc3 19. bxc3 Kh8 20. Rab1
Ra7 21. Rfd1 Ne7 22. Rd2 e4 23. f3 Nxd5 24. Nxd5 Bf7 25. Qh3 e3 26. Nxe3
Bxc3 27. Rd3 Bxa2 28. Rb5 Bb4 29. Qh6 f4 30. gxf4 Raf7 31. f5 Qd7 32. Rxb4
axb4 33. Rxd6 Qc7 34. Qf4 Rf6 35. Rd4 Qxf4 36. Rxf4 Rb6 37. Bf1 Bf7 0-1